| 000 | 00498nam a2200157Ia 4500 | ||
|---|---|---|---|
| 003 | OSt | ||
| 005 | 20230601103149.0 | ||
| 008 | 211028s2013 xx 000 0 und d | ||
| 040 | _cAIMIT LIBRARY | ||
| 041 | _aeng | ||
| 100 |
_aManjunath, H R; Vijay, Suchetha. _98430 _e111913 |
||
| 110 |
_aSuchetha Vijay _98431 |
||
| 245 | _aAutomation of pre and post patching process for EP allocation and intactix application for cloud life cycle management. | ||
| 260 |
_aMangalore _c2013 |
||
| 942 |
_2ddc _cPRO |
||
| 999 |
_c219884 _d219884 |
||